000 01774cam a22004934i 4500
003 PE-LiUPU
005 20250731165649.0
008 150616s r 000 0 d
020 _a0521242894
035 _a(Sirsi) i9780521242899
040 _aPE-LiUPU
_bspa
_cPE-LiUPU
_erda
049 _aPRUA
082 0 4 _a909.008
_bC
_221
110 2 _aCambridge University
245 1 4 _aThe Middle East, the Greek World and the Balkans to the Sixth Century B.C.
_n3a.
264 1 _aCambridge :
_bCambridge University Press,
_c1984.
300 _a299 páginas :
_bilustraciones ;
_c25 centímetros
336 _atext
_2rdacontent
337 _aunmediated
_2rdamedia
338 _avolume
_2rdacarrier
505 0 _aThe prehistory of the Balkans to 1000 BC.-Babylonia.- Assyria.- Urartu.- The Syro-Hittite states.- Etc..
526 _aSEG44
526 _aSEG26
526 _aP151
526 _aP150
526 _aP149
526 _aP146
526 _aP145
526 _aP126
526 _aP125
526 _aP92
526 _aP75
526 _aP74
526 _aP27
526 _aP15
650 0 4 _aHistoria antiigua
_xIlustraciones.
910 _ajck
_bjvq
_cjck
942 _2ddc
_cBOOK
949 _aRC 909.008 C 3A
_wDEWEY
_c1
_i43168
_lCCODEBUL1
_mBUL
_r0
_sY
_tBOOK
_u2015-6-16
_xTEOLOGIA
_zUNKNOWN
_0COMPRA
_o.CIRCNOTE. No olvidar cambiar la fecha de devolución!!!!!!!
_o.STAFF. Colección General
994 _aC0
_bPEPRU
596 _a1
999 _aRC 909.008 C 3A
_wDEWEY
_c61127
_i43168
_d61127
_f2021-11-8
_g5
_lCCODEBUL1
_mBUL
_q1
_r1
_sY
_tBOOK
_u2015-6-16
_xTEOLOGIA
_zUNKNOWN
_0COMPRA
_o.CIRCNOTE. No olvidar cambiar la fecha de devolución!!!!!!!
_o.STAFF. Colección General
980 _81
_gALBERTO SANCHEZ Responsable de Automatización